000 00648nam a22001937a 4500
999 _c163983
_d163983
005 20190508112751.0
010 _aUR-10074
020 _c278.00
_a-
035 _aU-8629
037 _bDBAD/PUB
082 _a840.08
100 _aا يم عظيم اللہ
245 _aمتعلقا ت فکشن
_cا يم عظيم اللہ
246 _bMotalleqat -e-Fiction(Urdu)
_aby Dr. M.Azimullah
260 _a Delhi
_bEducational Publishing House
_c2017 ء
270 _a3191،Vakil Street,Kucha Pandit,Lal Kuan,
_bDelhi
_e110006
_k23216162
_l00911123211540
300 _a472ص
_c22 Cm.(bk)
942 _2ddc
_cUR
_h840.08
_mا ي م